| 000 -GUIDE |
| Champ de contrôle de longueur fixe |
02380nam a22002777a 4500 |
| 003 - IDENTITÉ DU NUMÉRO DE CONTRÔLE |
| Champ de contrôle |
BI-BuBU |
| 008 - ÉLÉMENTS DE LONGUEUR FIXE - RENSEIGNEMENTS GÉNÉRAUX |
| Champ de contrôle de longueur fixe |
150710t2013 bd ||||dr|||| 000 0 fre d |
| 037 ## - SOURCE D'ACQUISITION |
| Source d'acquisition et du numéro d'inventaire |
Don de l'auteur |
| 039 ## - NIVEAU DE CONTRÔLE BIBLIOGRAPHIQUE ET HISTORIQUE D'ENCODAGE [OBSOLETE] |
| Date creation |
20150710091748.0 |
| Nom catalographe |
Nshimirimana Anne-Marie |
| 040 ## - SOURCE DU CATALOGAGE |
| Organisme qui a effectué le catalogage original |
BI-BuBU |
| Code de la langue utilisée dans le catalogage |
fre |
| Organisme qui a effectué la transcription |
BI-BuBU |
| 041 0# - CODE DE LANGUE |
| Code de langue du texte/de la piste sonore ou du titre distinct |
fre |
| 080 ## - INDICE DE LA CLASSIFICATION DÉCIMALE UNIVERSELLE (CDU) |
| Indice de la Classification décimale universelle |
320. |
| 100 1# - VEDETTE PRINCIPALE - NOM DE PERSONNE |
| Code de relation |
aut |
| Nom de personne |
Ntomerezi, Malick |
| 245 10 - MENTION DU TITRE |
| Titre |
Identité et pouvoir politique au Burundi |
| Reste du titre |
de 1965 à nos jours |
| Mention de responsabilité, etc. |
par Malick Ntomerezi; Salathiel Muntunutwiwe, directeur |
| 260 ## - PUBLICATION, DIFFUSION, ETC. (ADRESSE BIBLIOGRAPHIQUE) |
| Lieu de publication, diffusion, etc. |
Bujumbura |
| Nom de l'éditeur, diffuseur, etc. |
université du Burundi, Faculté des Lettres et Sciences Humaines, Département d'Histoire |
| Date of publication, distribution, etc |
2013 |
| 300 ## - DESCRIPTION MATÉRIELLE |
| Collation |
VI-75 f. |
| Dimensions |
30 cm. |
| 500 ## - NOTE GÉNÉRALE |
| Note générale |
Mémoire présenté et défendu publiquement en vue de l'obtention du grade de Licencié en Histoire |
| 520 ## - RÉSUMÉ, ETC. |
| Résumé, etc. |
RESUME<br/><br/>Notre sujet de recherche "Identité et pouvoir politique au Burundi : de 1965 à nos jours" consite à mener une étude sur le Burundi afin de démontrer comment on procède pour accèder au pouvoir.<br/><br/>En effet, depuis les années 1960, l'identité ethnique telle qu'enseigner par la métropole Belge, était un instrument de manipulation de la masse par l'élite au pouvoir. A défaut de recourir à des projets de société qui constituent une meilleure compétence démocratique, les politiques burundais ne font qu'enseigner la division entre ethnies différentes et par conséquent la principale source des crises qu'a connue notre pays.<br/><br/>Ensuite malgré l'existence des crises politiques nées de cette division ethnique, on assiste encore à la continuité du phénomène identitaire pour accèder au pouvoir. En témoigne, la constitution actuelle issue du processus d'Accord d'Arusha pour la Paix et la Réconciliation des Burundais qui met en place la politique des quotas à travers la représentation identitaire.<br/><br/>En bref, on peut dire que tout cela est dû à un manque des clairvoyants sur la scène politique burundaise.<br/> |
| 650 #7 - VEDETTE-MATIÈRE - NOM COMMUN |
| Source du terme |
BI-BuBU |
| Vedette de sujet ou vedette comportant un nom géographique |
Pouvoir politique |
| Subdivision générale |
Identité éthnique |
| Subdivision chronologique |
1965-2013 |
| Subdivision géographique |
Burundi |
| 9 (RLIN) |
113249 |
| 655 #7 - TERME D'INDEXATION - GENRE OU FORME |
| Source du terme |
BI-BuBU |
| Données ou terme dominant sur le genre ou la forme |
Mémoire |
| 9 (RLIN) |
114465 |
| 700 1# - VEDETTE SECONDAIRE - NOM DE PERSONNE |
| Code de relation |
dir. |
| Nom d'auteur |
Munutwiwe, Salathiel |
| 9 (RLIN) |
113251 |
| 710 ## - VEDETTE SECONDAIRE - NOM DE COLLECTIVITÉ |
| Code de relation |
aut |
| Nom de la collectivité ou nom de lieu comme élément de classement |
Unversité du Burundi |
| Collectivité subordonnée |
Faculté des Lettres et Sciences Humaines |
| 9 (RLIN) |
113252 |
| 942 ## - ÉLÉMENTS D'ENTRÉE ADDITIONNELLE (KOHA) |
| Source de la classification ou du système de rangement |
|
| Type d item koha |
Memoire |